LEADER 01555nam a2200337 i 4500 001 991004123489707536 008 090131s2001 it c b 111 0 ita 020 $a8849500459 035 $ab13806294-39ule_inst 040 $aDip.to Filologia Class. e Scienze Filosofiche$bita 041 0 $aita$afre$ager 110 2 $aAccademia romanistica costantiniana.$bConvegno internazionale$n(13th :$d1997 :$cPerugia, Italy)$0240708 245 10$aAtti dell'Accademia romanistica costantiniana :$bXIII Convegno internazionale in memoria di André Chastagnol /$c[a cura di G. Crifò e S. Giglio] 260 $aNapoli :$bEdizioni scientifiche italiane,$c2001 300 $a861 p. ;$c24 cm 440 0$aPubblicazioni dell'Università degli studi di Perugia 500 $aIn testa al front.: Università degli studi di Perugia, Facoltà di giurisprudenza 504 $aContiene riferimenti bibliografici. Indice 546 $aTesti in francese, tedesco e italiano 600 14$aChastagnol, André$xStudi in onore 650 4$aDiritto romano$vCongressi 700 1 $aCrifò, Giuliano 700 1 $aGiglio, Stefano 700 1 $aChastagnol, André 710 2 $aUniversità di Perugia.$bFacoltà di giurisprudenza 907 $a.b13806294$b02-04-14$c30-01-09 912 $a991004123489707536 945 $aLE007 00 ARC 01 $cv.13$g1$i2007000177143$lle007$op$pE57.00$q-$rl$s- $t0$u0$v0$w0$x0$y.i14924250$z02-02-09 996 $aAtti dell'Accademia romanistica costantiniana$9243398 997 $aUNISALENTO 998 $ale007$b30-01-09$cm$da $e-$fita$git $h0$i0 LEADER 01550nam 2200385I 450 001 9910704618803321 005 20150803133917.0 035 $a(CKB)5470000002443530 035 $a(OCoLC)915367250 035 $a(EXLCZ)995470000002443530 100 $a20150803d2013 ua 0 101 0 $aeng 135 $aurcn||||||||| 181 $ctxt$2rdacontent 182 $cc$2rdamedia 183 $acr$2rdacarrier 200 10$aWater temperatures in select nearshore environments of the Colorado River in Grand Canyon, Arizona, during the steady summer flow experiment of 2000 /$fby William S. Vernieu and Craig R. Anderson 210 1$aReston, Virginia :$cU.S. Department of the Interior, U.S. Geological Survey,$d2013. 215 $a1 online resource (vi, 44 pages) $ccolor illustrations, color maps 225 1 $aOpen-file report ;$v2013-1066 300 $aTitle from title screen (viewed on July 15, 2015). 320 $aIncludes bibliographical reference (pages 41-44). 606 $aWater levels$zArizona$zGrand Canyon 606 $aWater temperature$zArizona$zGrand Canyon 615 0$aWater levels 615 0$aWater temperature 700 $aVernieu$b William S.$01416081 702 $aAnderson$b Craig R. 712 02$aGeological Survey (U.S.), 801 0$bGPO 801 1$bGPO 906 $aBOOK 912 $a9910704618803321 996 $aWater temperatures in select nearshore environments of the Colorado River in Grand Canyon, Arizona, during the steady summer flow experiment of 2000$93520141 997 $aUNINA